Focus (Record no. 80056)
[ view plain ]
| 000 -LEADER | |
|---|---|
| fixed length control field | 01187cab a22002175a 4500 |
| 001 - CONTROL NUMBER | |
| control field | L143092 |
| 008 - FIXED-LENGTH DATA ELEMENTS--GENERAL INFORMATION | |
| fixed length control field | 080408e20080405xxk f 000 0 eng d |
| 035 ## - SYSTEM CONTROL NUMBER | |
| System control number | (Sirsi) u143092 |
| 041 0# - LANGUAGE CODE | |
| Language code of text/sound track or separate title | eng |
| 100 1# - MAIN ENTRY--PERSONAL NAME | |
| Personal name | Morrison, Adrian |
| 245 00 - TITLE STATEMENT | |
| Title | Focus |
| Remainder of title | Edinburgh |
| 260 ## - PUBLICATION, DISTRIBUTION, ETC. | |
| Date of publication, distribution, etc. | 2008 |
| 490 ## - SERIES STATEMENT | |
| Series statement | Estates Gazette |
| Volume/sequential designation | (0813) 5 April 2008, 117-139(14) |
| 520 ## - SUMMARY, ETC. | |
| Summary, etc. | Examines the effect that recent changes in the Scottish Parliament might have upon the city's developers. Considers the effect of the credit crunch upon Edinburgh's office market and finds that many agents are still optimistic. Profiles a number of high profile mixed use schemes in prominent locations around the city. Examines the trend underlying these developments. The investment market seems likely to be dominated by private investors. The industrial market is seeing high rents as a result of fierce competition. A retail-led regeneration of St James Quarter seems popular, but the location of its centrepiece tower may irk planners. |
| 590 ## - LOCAL NOTE (RLIN) | |
| Local note | KA |
| 651 #4 - SUBJECT ADDED ENTRY--GEOGRAPHIC NAME | |
| Geographic name | Edinburgh |
| 690 ## - LOCAL SUBJECT ADDED ENTRY--TOPICAL TERM (OCLC, RLIN) | |
| Topical term or geographic name as entry element | PROPERTY-COMMERCIAL PROPERTY-COMMERCIAL PROPERTY MARKET |
| 700 1# - ADDED ENTRY--PERSONAL NAME | |
| Personal name | Quinn, David |
| 700 1# - ADDED ENTRY--PERSONAL NAME | |
| Personal name | Elghamry, Nadia |
| 942 ## - ADDED ENTRY ELEMENTS (KOHA) | |
| Suppress in OPAC | 0 |
| Withdrawn status | Lost status | Source of classification or shelving scheme | Damaged status | Not for loan | Home library | Current library | Shelving location | Date acquired | Total Checkouts | Full call number | Barcode | Date last seen | Copy number | Price effective from | Koha item type |
|---|---|---|---|---|---|---|---|---|---|---|---|---|---|---|---|
| Dewey Decimal Classification | London | London | Journal article | 08/04/2008 | L143092 | 143092-1001 | 06/08/2019 | 1 | 06/08/2019 | Journal article |